The charisma of direct action : (Record no. 55711)

MARC details
000 -LEADER
fixed length control field 01041nam a22002537a 4500
005 - DATE AND TIME OF LATEST TRANSACTION
control field 20110819113255.0
010 ## - LCCN (DPL NO)
LC control number B-442730
020 ## - INTERNATIONAL STANDARD BOOK NUMBER
International Standard Book Number 0195660447
Terms of availability 595.00
020 ## - INTERNATIONAL STANDARD BOOK NUMBER
International Standard Book Number 9780195660449
Terms of availability 595.00
035 ## - SYSTEM CONTROL NUMBER
System control number B-442730
082 ## - DEWEY DECIMAL CLASSIFICATION NUMBER
Classification number 324.25441
100 1# - MAIN ENTRY--PERSONAL NAME
Personal name Eckert, Julia M.
245 14 - TITLE STATEMENT
Title The charisma of direct action :
Remainder of title power, politics, and the Shiv Sena /
Statement of responsibility, etc Julia M. Eckert.
260 ## - PUBLICATION, DISTRIBUTION, ETC. (IMPRINT)
Place of publication, distribution, etc New Delhi
Name of publisher, distributor, etc Oxford University Press,
Date of publication, distribution, etc 2003.
300 ## - PHYSICAL DESCRIPTION
Extent 307 p. ;
Dimensions 22 cm. (Hb)
504 ## - BIBLIOGRAPHY, ETC. NOTE
Bibliography, etc Includes bibliographical references (p. [282]-295).
600 10 - SUBJECT ADDED ENTRY--PERSONAL NAME
Personal name Ṭhākare, Bāḷa.
610 20 - SUBJECT ADDED ENTRY--CORPORATE NAME
Corporate name or jurisdiction name as entry element Shiv Sena.
650 #0 - SUBJECT ADDED ENTRY--TOPICAL TERM
Topical term or geographic name as entry element Political parties
Geographic subdivision India
-- Maharashtra.
942 ## - ADDED ENTRY ELEMENTS (KOHA)
Source of classification or shelving scheme Dewey Decimal Classification
Item type English Books
Classification part 324.25441
Call number suffix ECK
Holdings
Withdrawn status Lost status Not for loan Collection code Home library Current library Date acquired Source of acquisition Cost, normal purchase price Full call number Barcode Copy number Cost, replacement price Koha item type
      Non-fiction Central Library Central Library 25/08/2011 RBC/25880/21.6.11/76/4.3.11/18.7.11 595.00 324.25441 ECK B-442730 1 595.00 English Books

© Delhi Public Library
Hit Counter
free hit counter